Normal view MARC view
  • Puglisi L P

Entry Personal Name

Number of records used in: 1

001 - CONTROL NUMBER

  • control field: 105971

003 - CONTROL NUMBER IDENTIFIER

  • control field: OSt

005 - DATE AND TIME OF LATEST TRANSACTION

  • control field: 20221201112019.0

008 - FIXED-LENGTH DATA ELEMENTS

  • fixed length control field: 221201|| aca||aabn | a|a d

040 ## - CATALOGING SOURCE

  • Original cataloging agency: OSt
  • Transcribing agency: OSt

100 ## - HEADING--PERSONAL NAME

  • Personal name: Puglisi L P

670 ## - SOURCE DATA FOUND

  • Source citation: Work cat.: (OSt)83496: Puglisi L P., History Of Architecture: From The Avant-Grade Towards The Present., 2021